000 00860nam a22002417a 4500
999 _c9647
_d9647
003 AR-CdUCM
008 190328b ||||| |||| 00| 0 spa d
040 _aMUNICIPALIDAD PROVINCIAL DEL CUSCO
_cBIBLIOTECA MUNICIPAL DEL CUSCO
082 _a869.634 /
_bC29 / 1960
100 _aCarranza, Aduardo
_925988
245 _aSus mejores versos /
_cEduardo Carranza
260 _aBogotá :
_bLa Gran Colombia,
_c[1960]
300 _a[148-192] páginas ;
_c21.5 cm.
440 _aCuadernillos de poesía
_n : 16
_925989
500 _aDonación de la familia Nieto.
650 _aPoesía colombiana
_910191
650 _aPoesía - Colombia - Siglo XX
_915151
650 _aPoetas colombianos contemporáneos
_925990
650 _aEduardo Carranza - Poemas
_925991
700 _aLatino, Simón (selección y notas)
_925992
942 _2ddc
_cLIBROS
945 _alccs